000 00927nam a2200277 a 4500
001 000004172
003 DO-SdBNP
005 20220321114651.0
007 ta
008 090717e2004 dr c gr 001 0 spa d
020 _a9789945860740
040 _aDO-SdBNP
_bspa
_cBNPHU
082 4 _a634.772
_bC422c
_222
100 1 _aCéspedes, Carlos
_912318
245 1 0 _aCalidad de fruta en banano de exportación :
_balgunas implicaciones de manejo /
_cCarlos Céspedes.
260 _aSanto Domingo :
_bIDIAF,
_c2004
300 _a61 p. :
_bretrs. ;
_c23 cm.
504 _aBibliografía : p. 48-49
590 _aInventariado, 2018/BT
650 4 _aBanano
_xCultivo
_912319
650 4 _aBanano
_xMercadeo
_912320
650 4 _aBanano
_zRepública Dominicana
_912321
710 1 _aInstituto Dominicano de Investigaciones Agropecuarias y Forestales, (IDIAF)
_9299
910 _aValidado. Control de calidad. MMOLINA
942 _2ddc
_cLBS1
999 _c3987
_d3987